Unique secondary "accessory glands" in the female genitalia of Dalceridae (Lepidoptera) (Registro nro. 13121)
[ vista simple ]
| 000 -CABECERA | |
|---|---|
| Campo de control | 006610000a22001930004500 |
| 090 ## - CLASIFICACIÓN LOCAL | |
| Colección | AR |
| Consecutivo | 03808 |
| 041 0# - IDIOMA | |
| Código de idioma para texto/pista de sonido o título separado | |
| 100 1# - ASIENTO PRINCIPAL--NOMBRE PERSONAL | |
| Nombre personal | Miller, Scott E. |
| 245 10 - MENCION DE TITULO | |
| Título | Unique secondary "accessory glands" in the female genitalia of Dalceridae (Lepidoptera) |
| 260 ## - PUBLICACION, DISTRIBUCION, ETC. (PIE DE IMPRENTA) | |
| Lugar de publicación, distribución, etc. | Washington |
| Nombre del editor, distribuidor, etc. | World Resources Institute |
| Fecha de publicación, distribución, etc. | 1996 |
| 650 14 - ASIENTO SECUNDARIO DE MATERIA - TERMINO TEMATICO | |
| Término temático o nombre geográfico como elemento de entrada | Entomología |
| 650 14 - ASIENTO SECUNDARIO DE MATERIA - TERMINO TEMATICO | |
| Término temático o nombre geográfico como elemento de entrada | Morfología animal |
| 650 14 - ASIENTO SECUNDARIO DE MATERIA - TERMINO TEMATICO | |
| Término temático o nombre geográfico como elemento de entrada | Anatomía |
| 650 14 - ASIENTO SECUNDARIO DE MATERIA - TERMINO TEMATICO | |
| Término temático o nombre geográfico como elemento de entrada | Mariposas |
| 653 ## - TERMINO DE INDIZACION - NO CONTROLADO | |
| -- | Dalceridae |
| 773 1# - Item fuente: | |
| Título | Annals of the Entomological Society of America |
| Detalles específicos del material | Mar |
| Descripción física | 2 |
| Paginas del Articulo | 179-181 |
| Lugar, editorial y fecha de publicación | 1993 |
| Información sobre la relación | 86 |
| 942 ## - ELEMENTOS ADICIONALES (KOHA) | |
| Tipo de ítem | Artículo |
| Withdrawn status | Lost status | Damaged status | No para préstamo | Colección | Ubicación Permanente | Ubicación actual | Fecha de adquisición | Datos de publicación Seriada | Total Checkouts | Número topográfico | Inventario / Código de Barras | Date last seen | Ejemplar | Price effective from | Forma de adquisición | Tipo de material |
|---|---|---|---|---|---|---|---|---|---|---|---|---|---|---|---|---|
| No para Préstamo | Hemeroteca | Bogotá | Bogotá | 27/02/2015 | Fuera de circulación | AR 03808 | 017349 | 25/03/2015 | 1 | 25/03/2015 | Artículo |